| 000 | 01030nam a2200313 i 4500 | ||
|---|---|---|---|
| 001 | 000012076 | ||
| 003 | DO-SdBNP | ||
| 005 | 20260321073639.0 | ||
| 007 | ta | ||
| 008 | 091104s1977 dr 000 f spa d | ||
| 040 |
_aDO-SdBNP _bspa _cBNPHU _erda |
||
| 041 | _aspa | ||
| 082 | 4 |
_aRD863.44 _bB742o _222 |
|
| 100 | 1 |
_a Bosch, Juan, _d1909-2001 _4aut. _eautor _976555 |
|
| 245 | 1 | 3 |
_aEl oro y la paz : _bnovela / _cJuan Bosch ; editores, Aulio Ortíz, Bruno Rosario Candelier. |
| 264 | 1 |
_aSanto Domingo : _bAmigo del Hogar, _c1977. |
|
| 300 |
_a264 páginas ; _c19 cm. |
||
| 336 |
_atexto _btxt _2rdacontent |
||
| 337 |
_asin mediación _bn _2rdamedia |
||
| 338 |
_avolumen _bnc _2rdacarrier |
||
| 500 | _aEdición Homenaje | ||
| 590 | _aInventariado, 2020 / DG | ||
| 650 | 4 |
_aNovela dominicana _9223 |
|
| 650 | 4 |
_aLiteratura dominicana. _967 |
|
| 700 | 1 |
_aOrtíz, Aulio, _eeditor _4ed. _928506 |
|
| 700 | 1 |
_aRosario Candelier, Bruno, _d1941- _eeditor _4ed. _9851 |
|
| 910 | _aValidado. Control de calidad MFF | ||
| 942 |
_2ddc _cLBS1 |
||
| 999 |
_c11742 _d11742 |
||